States in Order of Most Uniquely Named Counties - Statistics

General Stats
  • This quiz has been taken 47 times
    40 since last reset
  • The average score is 30 of 48
Answer Stats
Percent County Name Answer % Correct
100 Kalawao Hawaii
100%
80 Yavapai Arizona
88%
84.48 Tuolumne California
88%
37.31 Susquehanna Pennsylvania
88%
25 Tippecanoe Indiana
81%
50 Penobscot Maine
75%
47.82 Anne Arundel Maryland
75%
65.06 Shiawassee Michigan
75%
47.61 Passaic New Jersey
75%
40 Newport Rhode Island
75%
56.41 Pend Oreille Washington
75%
61.36 Ada Idaho
69%
37.8 Yazoo Mississippi
69%
31.81 Licking Ohio
69%
61.41 Jim Hogg Texas
69%
30.90 Mingo West Virginia
69%
48.61 Manitowoc Wisconsin
69%
33.33 Sebastian Arkansas
63%
57.81 Montezuma Colorado
63%
62.5 Litchfield Connecticut
63%
27.27 Cerro Gordo Iowa
63%
42.85 Barnstable Massachusetts
63%
60.92 Koochiching Minnesota
63%
62.5 Esmeralda Nevada
63%
41.93 Chenango New York
63%
53.03 Minnehaha South Dakota
63%
33.33 Newcastle Delaware
56%
46.26 Hernando Florida
56%
22.54 Ogle Illinois
56%
31.42 Neosho Kansas
56%
29.16 Breckinridge Kentucky
56%
36.55 Nuckolls Nebraska
56%
51 Pamlico North Carolina
56%
41.66 Josephine Oregon
56%
23.15 Sequatchie Tennessee
56%
55.17 Box Elder Utah
56%
47.82 Goshen Wyoming
56%
23.88 Colbert Alabama
50%
38.99 Lumpkin Georgia
50%
30.70 Bollinger Missouri
50%
55.35 Rosebud Montana
50%
50 Cheshire New Hampshire
50%
57.57 Quay New Mexico
50%
49.35 Love Oklahoma
50%
50 Marlboro South Carolina
50%
57.14 Grand Isle Vermont
50%
52.83 Kidder North Dakota
44%
48.42 Bland Virginia
44%
No matching quizzes found
Score Distribution
Percent of People with Each Score
Percentile by Number Answered
Your Score History
You have not taken this quiz since the last reset